[Event "Wch FIDE Online U12 America qual"]
[Site "Tornelo INT"]
[Date "2020.12.04"]
[Round "7"]
[White "Amarilla Ettiene, Ezequiel"]
[Black "Mereles Riquelme, Mauricio"]
[Result "1/2-1/2"]
[WhiteElo "1177"]
[BlackElo "1228"]
[PlyCount "61"]
[EventDate "2020.12.01"]
[EventType "swiss (rapid)"]
[EventRounds "7"]
[EventCountry "ISS"]
[SourceTitle "EXT 2022"]
[Source "ChessBase"]
[SourceDate "2021.10.06"]
[SourceVersion "1"]
[SourceVersionDate "2021.10.06"]
[SourceQuality "1"]

1. e4 e5 2. Nf3 Nc6 3. d4 exd4 4. Nxd4 Bc5 5. Nxc6 bxc6 6. Nc3 d6 7. Bd3 h6 8. 0-0 Nf6 9. h3 Bd7 10. Bf4 0-0 11. Qf3 Re8 12. Qg3 Nh5 13. Qf3 Nxf4 14. Qxf4 Bd4 15. Rab1 Be5 16. Qf3 Qg5 17. Bc4 Be6 18. Bxe6 Rxe6 19. Qg4 Qxg4 20. hxg4 Bxc3 21. bxc3 Rxe4 22. f3 Re7 23. Rfe1 Rae8 24. Rxe7 Rxe7 25. Rb7 Re2 26. Rxc7 Rxc2 27. Rxc6 Rxa2 28. Rxd6 Rc2 29. Rc6 a5 30. Ra6 Rxc3 31. Rxa5 1/2-1/2

[Event "Wch FIDE Online U12 America qual"]
[Site "Tornelo INT"]
[Date "2020.12.03"]
[Round "4"]
[White "Mereles Riquelme, Mauricio"]
[Black "Lemus Pena, Sebastian"]
[Result "0-1"]
[WhiteElo "1228"]
[BlackElo "1221"]
[PlyCount "54"]
[EventDate "2020.12.01"]
[EventType "swiss (rapid)"]
[EventRounds "7"]
[EventCountry "ISS"]
[SourceTitle "EXT 2022"]
[Source "ChessBase"]
[SourceDate "2021.10.06"]
[SourceVersion "1"]
[SourceVersionDate "2021.10.06"]
[SourceQuality "1"]

1. e4 d6 2. d4 Nf6 3. Nc3 Nbd7 4. h3 e6 5. Nf3 Be7 6. Bd3 h6 7. Ne2 0-0 8. Ng3 a6 9. 0-0 b5 10. c3 Bb7 11. Be3 c5 12. Qd2 Rb8 13. Rac1 Rc8 14. Rfd1 cxd4 15. Bxd4 Nc5 16. Bxc5 dxc5 17. Qe2 Qb6 18. Bc2 Rfd8 19. Rxd8+ Rxd8 20. Rd1 Rxd1+ 21. Qxd1 c4 22. Bb1 Bc5 23. Qc2 Qc7 24. Qe2 Qxg3 25. Kf1 Qf4 26. Qe1 Bxe4 27. Bxe4 Nxe4 0-1

[Event "PAR-ch U10"]
[Site "Asuncion"]
[Date "2019.02.09"]
[Round "9.3"]
[White "Frutos Moreno, Erico Nicolas"]
[Black "Mereles Riquelme, Mauricio"]
[Result "1/2-1/2"]
[WhiteElo "1084"]
[BlackElo "1174"]
[PlyCount "64"]
[EventDate "2019.02.04"]
[EventType "swiss"]
[EventRounds "9"]
[EventCountry "PAR"]
[SourceTitle "EXT 2023"]
[Source "ChessBase"]
[SourceDate "2022.10.05"]
[SourceVersion "1"]
[SourceVersionDate "2022.10.05"]
[SourceQuality "1"]

1. e4 e5 2. Nf3 Nc6 3. Bc4 Bc5 4. c3 d6 5. h3 Nf6 6. d4 exd4 7. cxd4 Bb4+ 8. Nc3 Nxe4 9. 0-0 0-0 10. d5 Nxc3 11. bxc3 Bxc3 12. Rb1 Ne5 13. Nxe5 Bxe5 14. f4 Bf6 15. g4 h6 16. Bb3 g6 17. f5 Bg7 18. Bc2 gxf5 19. Qd3 Qf6 20. Be3 Qc3 21. gxf5 Qxd3 22. Bxd3 f6 23. Rf3 b6 24. Rg3 Kh7 25. Kf2 Bb7 26. Be4 Rae8 27. Kf3 h5 28. Rc1 Rc8 29. Bd4 Rfe8 30. Rc3 Re7 31. a4 a5 32. Rg2 Kh8 1/2-1/2

[Event "Pan American-ch U10"]
[Site "Santiago de Chile"]
[Date "2018.07.27"]
[Round "7"]
[White "Mereles Riquelme, Mauricio"]
[Black "Yan, Alex Jikai"]
[Result "0-1"]
[WhiteElo "1203"]
[BlackElo "1382"]
[PlyCount "86"]
[EventDate "2018.07.22"]
[EventType "swiss"]
[EventRounds "9"]
[EventCountry "CHI"]
[SourceTitle "EXT 2022"]
[Source "ChessBase"]
[SourceDate "2021.10.06"]
[SourceVersion "1"]
[SourceVersionDate "2021.10.06"]
[SourceQuality "1"]

1. e4 e5 2. Nf3 Nc6 3. Bc4 Bc5 4. Nc3 Nf6 5. 0-0 0-0 6. a3 d6 7. h3 Be6 8. Be2 Nd4 9. d3 Qd7 10. Kh2 Nxe2 11. Qxe2 h6 12. Be3 Bxe3 13. fxe3 b5 14. b3 Qc6 15. Qd2 Qb7 16. Rae1 c5 17. Nh4 Rad8 18. Rf3 a5 19. Qe2 b4 20. axb4 axb4 21. Nd1 d5 22. exd5 Nxd5 23. Rg3 Nf6 24. Qf2 Nh5 25. Rf3 e4 26. dxe4 Qxe4 27. g3 Rd7 28. Nb2 Rfd8 29. Re2 g5 30. g4 Qe5+ 31. Kg1 Qxb2 32. gxh5 Rd1+ 33. Kh2 gxh4 34. Qxh4 R8d2 35. Rg3+ Kh8 36. Rxd2 Rxd2+ 37. Kh1 Rd1+ 38. Rg1 Rxg1+ 39. Kxg1 Qc1+ 40. Kg2 Qxc2+ 41. Kg1 Qxb3 42. Qf6+ Kh7 43. Qe5 Qb1+ 0-1

[Event "PAR-ch qual5"]
[Site "Asuncion"]
[Date "2018.07.08"]
[Round "6"]
[White "Mereles Riquelme, Mauricio"]
[Black "Vazquez, Alejandro1111"]
[Result "0-1"]
[WhiteElo "1203"]
[BlackElo "1508"]
[PlyCount "32"]
[EventDate "2018.07.06"]
[EventType "swiss"]
[EventRounds "7"]
[EventCountry "PAR"]
[SourceTitle "EXT 2019"]
[Source "ChessBase"]
[SourceDate "2018.10.10"]
[SourceVersion "1"]
[SourceVersionDate "2018.10.10"]
[SourceQuality "1"]

1. e4 e5 2. Nf3 Nc6 3. d4 exd4 4. Nxd4 Bc5 5. Nb3 Bb6 6. Qe2 d6 7. Be3 Nf6 8. f3 0-0 9. Nc3 Be6 10. Nd2 d5 11. Nxd5 Nxd5 12. exd5 Bxd5 13. Qf2 Re8 14. Be2 Bxe3 15. Qg3 Bxd2+ 16. Kf1 Rxe2 0-1